[Event "DOTMLPFi FIDE Invitational"]
[Site "Virgnia Beach, Virginia USA"]
[Date "2010.11.24"]
[Round "1.1"]
[White "Barnakov, Yuri A"]
[Black "Xu, Correy"]
[Result "0-1"]
[WhiteElo "2246"]
[BlackElo "1817"]
[PlyCount "63"]
[EventDate "2010.??.??"]

1. d4 Nf6 2. c4 g6 3. Nc3 Bg7 4. e4 d6 5. f3 O-O 6. Be3 e5 7. Nge2 c6 8. Qd2
Nbd7 9. Rd1 a6 10. d5 c5 11. g4 Qa5 12. Ng3 Nb6 13. b3 Qb4 14. Qc2 Bd7 15. Bd2
Nc8 16. Nb5 Qxd2+ 17. Qxd2 axb5 18. cxb5 b6 19. h4 Bh8 20. a4 Ne7 21. h5 Bc8
22. Bc4 Bb7 23. Ke2 Rae8 24. Rdg1 Nc8 25. Kd1 Nd7 26. Nf5 Bf6 27. hxg6 fxg6 28.
Rxh7 Kxh7 29. Qh6+ Kg8 30. Qxg6+ Kh8 31. Rh1+ Bh4 32. Rxh4# 0-1

[Event "DOTMLPFi FIDE Invitational"]
[Site "Virgnia Beach, Virginia USA"]
[Date "2010.11.24"]
[Round "1.2"]
[White "Zhou, Kevin L"]
[Black "Belke, Thomas J"]
[Result "1/2-1/2"]
[WhiteElo "1826"]
[BlackElo "1869"]
[PlyCount "107"]
[EventDate "2010.??.??"]

1. e4 e6 2. d4 d5 3. Nd2 c5 4. exd5 Qxd5 5. Ndf3 Nc6 6. Be3 cxd4 7. Nxd4 a6 8.
Ngf3 Nf6 9. Nxc6 bxc6 10. Be2 Be7 11. O-O O-O 12. c4 Qxd1 13. Rfxd1 c5 14. Ne5
Bb7 15. Nd7 Rfd8 16. Nxc5 Bc6 17. b4 Rxd1+ 18. Rxd1 h6 19. h3 Bxc5 20. Bxc5 Ba4
21. Rc1 Rd8 22. Be3 Kf8 23. f3 Ke8 24. Kf2 e5 25. g4 e4 26. f4 g6 27. h4 Rb8
28. a3 h5 29. gxh5 Nxh5 30. Bxh5 gxh5 31. Rg1 Kd7 32. Rg5 Bb3 33. Rxh5 Bxc4 34.
Re5 Bd3 35. Bc5 f5 36. Ke3 Rg8 37. Rxf5 Rg3+ 38. Kf2 Rf3+ 39. Ke1 Rf1+ 40. Kd2
Rh1 41. h5 Ke6 42. Rg5 Kf7 43. Bd4 Rh2+ 44. Kc3 Rh3 45. Be5 Bb5+ 46. Kd4 e3 47.
Rg1 e2 48. Re1 Rxa3 49. h6 Kg6 50. Bg7 Rd3+ 51. Ke4 Rd1 52. Bc3 Kxh6 53. f5
Rxe1 54. Bxe1 {Draw agreed.} 1/2-1/2

[Event "DOTMLPFi FIDE Invitational"]
[Site "Virgnia Beach, Virginia USA"]
[Date "2010.11.24"]
[Round "1.3"]
[White "Keskar, Himanshu A"]
[Black "Flores, Rodney"]
[Result "0-1"]
[WhiteElo "1855"]
[BlackElo "2003"]
[PlyCount "86"]
[EventDate "2010.??.??"]

1. c4 g6 2. Nf3 Bg7 3. Nc3 d6 4. d4 Bg4 5. e3 Nc6 6. Be2 Nf6 7. O-O O-O 8. a3
Bxf3 9. Bxf3 Re8 10. h3 e5 11. d5 Ne7 12. e4 Nd7 13. g4 Kh8 14. Qc2 Ng8 15. Be3
Bh6 16. Bxh6 Nxh6 17. Rae1 Qh4 18. Bg2 Rf8 19. b4 f5 20. f3 Rf7 21. Nb5 Nf8 22.
c5 Qe7 23. cxd6 cxd6 24. Qd2 Ng8 25. Rc1 Qd8 26. f4 Qb6+ 27. Kh1 Qxb5 28. fxe5
dxe5 29. exf5 gxf5 30. gxf5 Qd7 31. Be4 Nf6 32. Bg2 Rd8 33. Rcd1 Qd6 34. Qg5
N8d7 35. Qe3 Qb6 36. Qc3 Qd6 37. Qb3 Rg8 38. Qe3 Rfg7 39. Rd2 Nh5 40. Qxa7 Ng3+
41. Kg1 Nxf1 42. Kxf1 Nb6 43. Rc2 Ra8 {...and White resigned.} 0-1

[Event "DOTMLPFi FIDE Invitational"]
[Site "Virgnia Beach, Virginia USA"]
[Date "2010.11.24"]
[Round "1.4"]
[White "Ranario, Dan P"]
[Black "Larkins, Larry R"]
[Result "1/2-1/2"]
[WhiteElo "2103"]
[BlackElo "2147"]
[PlyCount "93"]
[EventDate "2010.??.??"]

1. Nf3 d5 2. d4 Nf6 3. g3 Nbd7 4. Bg2 c5 5. c3 e6 6. O-O Bd6 7. Re1 O-O 8. Nbd2
cxd4 9. cxd4 b6 10. b3 Bb7 11. Bb2 Qb8 12. Rc1 a5 13. a3 b5 14. e3 b4 15. a4 h6
16. h3 Rd8 17. Nh2 Ne4 18. Nxe4 dxe4 19. Nf1 Bd5 20. Nd2 Qb7 21. Nc4 Bc7 22.
Rc2 Nb6 23. Bf1 Rd7 24. Qh5 f5 25. Rec1 Rf7 26. Nxb6 Bxb6 27. Bc4 Raf8 28. Qe2
Rd8 29. Bxd5 exd5 30. Qb5 Rdd7 31. Rc6 Bd8 32. Qxb7 Rxb7 33. Rc8 Rfd7 34. R1c5
Kf7 35. Kg2 h5 36. h4 Ke7 37. Bc1 Bb6 38. R5c6 Rd6 39. Rxd6 Kxd6 40. Rc2 Rc7
41. Rxc7 Bxc7 42. Bd2 Ke6 43. Bc1 Bb6 44. Bd2 g6 45. Bc1 Bd8 46. Bd2 Bf6 47.
Kh3 {Draw agreed.} 1/2-1/2

[Event "DOTMLPFi FIDE Invitational"]
[Site "Virginia Beach, Virginia, USA"]
[Date "2010.11.24"]
[Round "1.5"]
[White "Miller, Daniel"]
[Black "Atkins, Michael"]
[Result "1-0"]
[WhiteElo "2321"]
[BlackElo "1890"]
[PlyCount "77"]
[EventDate "2010.??.??"]

1. e4 {0s} Nf6 2. e5 Nd5 3. d4 d6 4. Nf3 g6 5. Bc4 Nb6 6. Bb3 Bg7 7. Ng5 d5 8.
f4 O-O 9. O-O f6 10. Nf3 Nc6 11. c3 Bg4 12. Nbd2 fxe5 13. fxe5 Qd7 14. Ne4 Na5
15. Nc5 Qc6 16. Bc2 Bxf3 17. Rxf3 Rxf3 18. Qxf3 Rf8 19. Qh3 Bxe5 20. b4 Bxh2+
21. Kxh2 Qd6+ 22. Kg1 Nac4 23. Qe6+ Qxe6 24. Nxe6 Rf7 25. Nd8 Rf8 26. Nxb7 e5
27. dxe5 Nxe5 28. Be3 Nec4 29. Bh6 Rb8 30. Rf1 Ne5 31. Na5 Ng4 32. Nc6 Re8 33.
Ne7+ Kh8 34. Bg5 Kg7 35. Bd1 Ne3 36. Bxe3 Rxe7 37. Bc5 Re8 38. a4 Nc8 39. a5
1-0

[Event "DOTMLPFi FIDE Invitational"]
[Site "?"]
[Date "2010.11.25"]
[Round "2.1"]
[White "Xu, Correy"]
[Black "Miller, Daniel"]
[Result "0-1"]
[WhiteElo "1817"]
[BlackElo "2321"]
[PlyCount "70"]
[SourceDate "2010.11.25"]

1. e4 e5 2. Nf3 Nf6 3. Nxe5 d6 4. Nf3 Nxe4 5. d4 d5 6. Bd3 Bd6 7. O-O O-O 8. c4
c6 9. Nc3 Nxc3 10. bxc3 Bg4 11. Qc2 Bxf3 12. Bxh7+ Kh8 13. Qd3 Qh4 14. g3 Qh5
15. Re1 g6 16. c5 Be4 17. Qe2 Qxe2 18. Rxe2 Bc7 19. Rb2 b6 20. cxb6 axb6 21.
Bxg6 fxg6 22. Be3 Nd7 23. Rc1 Bd6 24. Rd2 Ra4 25. h4 Rfa8 26. Ra1 Rc4 27. Kf1
Rxc3 28. Ke1 Bxg3 29. fxg3 Rxe3+ 30. Kf2 Raa3 31. Rg1 Nf6 32. g4 Rh3 33. g5
Rae3 34. Re2 Rxe2+ 35. Kxe2 Bd3+ 0-1

[Event "DOTMLPFi FIDE Invitational"]
[Site "?"]
[Date "2010.11.23"]
[Round "3.2"]
[White "Barnakov, Yuri"]
[Black "Flores, Rodney"]
[Result "1-0"]
[WhiteElo "2246"]
[BlackElo "2003"]
[PlyCount "93"]
[EventDate "2010.??.??"]
[SourceDate "2010.11.25"]

{This game was played the day prior to the official start of the event per
agreement of the players and the Chief Arbiter.} 1. d4 g6 2. e4 Bg7 3. Nc3 c6
4. Bc4 b5 5. Bb3 a5 6. a4 b4 7. Nce2 Ba6 8. h4 d5 9. e5 e6 10. h5 c5 11. c3 Nc6
12. Ba2 Rc8 13. Be3 bxc3 14. bxc3 cxd4 15. cxd4 Nb4 16. Bb1 Ne7 17. g4 Qc7 18.
Rh3 Nc2+ 19. Bxc2 Qxc2 20. Qxc2 Rxc2 21. Bd2 Nc6 22. Bc3 Bc4 23. Kd1 Ra2 24.
Rxa2 Bxa2 25. Kc2 Bf8 26. hxg6 fxg6 27. Nf4 Kf7 28. Nd3 Bc4 29. Rf3+ Ke7 30.
Nc5 Bg7 31. Nh3 Be2 32. Rf4 h6 33. Kd2 g5 34. Kxe2 gxf4 35. Nxf4 Rb8 36. Ncxe6
Kf7 37. Nxg7 Kxg7 38. Nxd5 Rd8 39. Nf4 Kf7 40. d5 Nb4 41. d6 Nc6 42. Ke3 Rb8
43. e6+ Ke8 44. Nd5 Rd8 45. d7+ Kf8 46. Bf6 Rb8 47. e7+ {... and Black
resigned.} 1-0

[Event "DOTMLPFi FIDE Invitational"]
[Site "?"]
[Date "2010.11.25"]
[Round "2.4"]
[White "Flores, Rodney"]
[Black "Zhou, Kevin"]
[Result "1-0"]
[WhiteElo "2003"]
[BlackElo "1826"]
[PlyCount "41"]
[SourceDate "2010.11.25"]

1. e4 c5 2. Nf3 e6 3. c3 Nc6 4. d4 d5 5. exd5 exd5 6. Bb5 Bd6 7. dxc5 Bxc5 8.
O-O Nge7 9. Nbd2 O-O 10. Nb3 Bb6 11. Nbd4 Bg4 12. Qa4 Qc8 13. Bg5 f6 14. Bh4 a6
15. Bxc6 bxc6 16. Rfe1 Ra7 17. Qb4 Bd8 18. Qd6 Qd7 19. Bg3 Bb6 20. Rxe7 Qxe7
21. Nxc6 {... and Black resigned.} 1-0

[Event "DOTMLPFi FIDE Invitational"]
[Site "?"]
[Date "2010.11.25"]
[Round "2.2"]
[White "Atkins, Michael"]
[Black "Ranario, Daniel"]
[Result "1/2-1/2"]
[WhiteElo "1890"]
[BlackElo "2103"]
[PlyCount "72"]
[EventDate "2010.??.??"]

1. Nf3 Nf6 2. g3 b6 3. Bg2 Bb7 4. O-O e6 5. d3 d5 6. Nbd2 Be7 7. e4 O-O 8. Re1
Na6 9. e5 Nd7 10. d4 c5 11. c3 Rc8 12. a3 cxd4 13. cxd4 b5 14. Nf1 Qb6 15. Bf4
Nab8 16. h4 Qc7 17. Rc1 Qa5 18. Qe2 b4 19. axb4 Bxb4 20. Rxc8 Rxc8 21. Rc1 Rxc1
22. Bxc1 Qc7 23. Qd1 Nf8 24. h5 Be7 25. N1h2 Nbd7 26. Bf4 Qb6 27. Bc1 Ba6 28.
Ng4 Qc6 29. Bg5 Bxg5 30. Nxg5 Qc4 31. Ne3 Qe2 32. Bf3 Qxb2 33. Nxd5 exd5 34.
Bxd5 Nxe5 35. dxe5 Qxe5 36. Nxf7 Qe2 {... and the players agreed to a draw.
Following the post-mortem, Mike Atkins later regretted the draw.} 1/2-1/2

[Event "DOTMLPFi FIDE Invitational"]
[Site "?"]
[Date "2010.11.25"]
[Round "2.5"]
[White "Belke, Thomas"]
[Black "Barnakov, Yuri"]
[Result "0-1"]
[WhiteElo "1869"]
[BlackElo "2246"]
[PlyCount "62"]
[SourceDate "2010.11.25"]

1. e4 e5 2. f4 Bc5 3. Nf3 d6 4. c3 Nc6 5. b4 Bb6 6. b5 Nb8 7. d3 Nd7 8. Nbd2
Ngf6 9. Nc4 O-O 10. Nxb6 axb6 11. Be2 d5 12. fxe5 dxe4 13. exf6 exf3 14. Bxf3
Re8+ 15. Kf2 Nxf6 16. d4 Ne4+ 17. Bxe4 Rxe4 18. Qf3 Qd5 19. Re1 f5 20. a4 Bd7
21. Bd2 c6 22. bxc6 Bxc6 23. Kg1 Qe6 24. Rxe4 Bxe4 25. Qg3 b5 26. a5 h6 27. Bf4
Kh7 28. Be5 g5 29. Qe3 Qb3 30. g4 Qb2 31. Rf1 Qg2# 0-1

[Event "DOTMLPFi FIDE Invitational"]
[Site "?"]
[Date "2010.11.25"]
[Round "2.3"]
[White "Larkins, Larry"]
[Black "Keskar, Himanshu"]
[Result "1/2-1/2"]
[WhiteElo "2147"]
[BlackElo "1855"]
[PlyCount "80"]
[EventDate "2010.??.??"]
[SourceDate "2010.11.25"]

1. e4 e5 2. Nf3 Nc6 3. Bb5 a6 4. Bxc6 dxc6 5. O-O Bg4 6. h3 Bxf3 7. Qxf3 Qd7 8.
d3 O-O-O 9. Be3 Bd6 10. Nd2 f6 11. Rfb1 Kb8 12. b4 h5 13. a4 g5 14. b5 g4 15.
Qe2 axb5 16. axb5 cxb5 17. hxg4 hxg4 18. Nf1 f5 19. c4 Qh7 20. f3 gxf3 21. Ba7+
Kc8 22. Qxf3 Rf8 23. Be3 Kd7 24. exf5 Rxf5 25. Qh3 Qxh3 26. gxh3 bxc4 27. dxc4
b6 28. Ra8 Rfh5 29. c5 Bxc5 30. Bxc5 bxc5 31. Rd1+ Kc6 32. Rdd8 Rxh3 33. Kg2
R3h7 34. Rxg8 Rxg8+ 35. Rxg8 Re7 36. Ne3 e4 37. Kf2 Rf7+ 38. Ke2 Re7 39. Rb8
Re5 40. Kd2 Re7 {Draw agreed.} 1/2-1/2

[Event "DOTMLPFi FIDE Invitational"]
[Site "?"]
[Date "2010.11.25"]
[Round "3.5"]
[White "Ranario, Daniel P."]
[Black "Miller, Daniel I."]
[Result "0-1"]
[WhiteElo "2103"]
[BlackElo "2321"]
[PlyCount "66"]
[SourceDate "2010.11.25"]

1. e4 e5 2. Nf3 Nf6 3. Nxe5 d6 4. Nf3 Nxe4 5. Nc3 Nxc3 6. dxc3 Nd7 7. Be3 Be7
8. Qd2 Ne5 9. Be2 Be6 10. Nxe5 dxe5 11. Qxd8+ Rxd8 12. Bf3 b6 13. Bc6+ Bd7 14.
Bxd7+ Rxd7 15. Rd1 Rxd1+ 16. Kxd1 f5 17. Re1 Kf7 18. Kc1 Re8 19. a4 Bd6 20. h3
e4 21. c4 Re6 22. g3 Be5 23. Rd1 Rd6 24. c3 g6 25. Rxd6 Bxd6 26. Kc2 Ke6 27. a5
bxa5 28. Kb3 f4 29. gxf4 Kf5 30. Ka4 Bxf4 31. Bd4 g5 32. Kxa5 h5 33. c5 h4 {...
and Black resigned.} 0-1

[Event "DOTMLPFi FIDE Invitational"]
[Site "?"]
[Date "2010.11.25"]
[Round "3.3"]
[White "Zhou, Kevin"]
[Black "Larkins, Larry"]
[Result "0-1"]
[WhiteElo "1826"]
[BlackElo "2147"]
[PlyCount "55"]
[EventDate "2010.??.??"]

1. e4 e6 2. d4 d5 3. Nc3 Nf6 4. e5 Nfd7 5. Nce2 c5 6. c3 Qb6 7. f4 Nc6 8. Nf3
Be7 9. g3 f6 10. Bh3 g5 11. Bxe6 Ndxe5 12. Bxd5 Ng6 13. Qb3 Bg4 14. Qxb6 axb6
15. h3 Bd7 16. fxg5 cxd4 17. gxf6 Bxf6 18. Nfxd4 Nxd4 19. cxd4 O-O-O 20. O-O
Bxh3 21. Bxb7+ Kxb7 22. Rxf6 Rhe8 23. Nf4 Re1+ 24. Kh2 Nxf4 25. Bxf4 Rxa1 26.
Kxh3 Rxd4 27. Rf7+ Ka6 28. Rxh7 {... and White resigned.} 0-1

[Event "DOTMLPFi FIDE Invitational"]
[Site "?"]
[Date "2010.11.26"]
[Round "3.1"]
[White "Belke, Thomas"]
[Black "Xu, Correy"]
[Result "1-0"]
[WhiteElo "1869"]
[BlackElo "1817"]
[PlyCount "77"]
[SourceDate "2010.11.26"]

1. e4 g6 2. d4 Bg7 3. Nf3 d6 4. h3 Nd7 5. Bc4 c6 6. Bxf7+ Kxf7 7. Ng5+ Ke8 8.
Ne6 Qb6 9. Nxg7+ Kf7 10. Nh5 Qa5+ 11. Bd2 Qxh5 12. g4 Qb5 13. Qf3+ Ke8 14. Bc3
Ngf6 15. a4 Qb6 16. Nd2 Rf8 17. Qg3 Qc7 18. f4 c5 19. d5 Kd8 20. O-O b6 21.
Rfe1 Ba6 22. Rad1 c4 23. Nf3 Nc5 24. Nd4 Bc8 25. Nc6+ Kd7 26. Bxf6 exf6 27. e5
fxe5 28. fxe5 dxe5 29. Qh4 Kd6 30. Qg5 Bf5 31. Nxe5 Ne4 32. Qf4 Qg7 33. Nxg6+
Kd7 34. Ne5+ Kd6 35. Nf7+ Kd7 36. Qxf5+ Kc7 37. Qxe4 Qxf7 38. d6+ Kd7 39. Qb7+
1-0

[Event "DOTMLPFi FIDE Invitational"]
[Site "?"]
[Date "2010.11.26"]
[Round "3.4"]
[White "Keskar, Himanshu"]
[Black "Atkins, Michael"]
[Result "1-0"]
[WhiteElo "1855"]
[BlackElo "1890"]
[PlyCount "73"]
[SourceDate "2010.11.26"]

1. d4 c5 2. e3 Nf6 3. Nf3 cxd4 4. exd4 g6 5. Be2 Bg7 6. O-O O-O 7. c4 d5 8. Nc3
dxc4 9. Bxc4 a6 10. Re1 b5 11. Bb3 Bb7 12. a3 Nbd7 13. h3 Nb6 14. Ne5 e6 15.
Bg5 Bd5 16. Nxd5 exd5 17. Qf3 h6 18. Bh4 g5 19. Bg3 Rc8 20. Rad1 Nc4 21. Nxc4
bxc4 22. Bc2 Re8 23. Be5 Ne4 24. Rxe4 dxe4 25. Qxe4 f6 26. Qh7+ Kf8 27. Bg3 Re7
28. d5 c3 29. bxc3 Rxc3 30. d6 Re2 31. Bf5 Rxg3 32. fxg3 Qb6+ 33. Kh2 Qc6 34.
Be4 Qd7 35. Bd5 Ke8 36. Qg8+ Bf8 37. Qg6+ {... and Black resigned.} 1-0

[Event "DOTMLPFi FIDE Invitational"]
[Site "?"]
[Date "2010.11.26"]
[Round "4.1"]
[White "Xu, Correy"]
[Black "Ranario, Dan"]
[Result "0-1"]
[WhiteElo "1817"]
[BlackElo "2103"]
[PlyCount "152"]
[EventDate "2010.??.??"]
[SourceDate "2010.11.26"]

1. e4 c5 2. Nf3 Nf6 3. e5 Nd5 4. c3 Nc6 5. d4 cxd4 6. cxd4 d6 7. exd6 Qxd6 8.
Nc3 Nxc3 9. bxc3 Bg4 10. Be2 e6 11. O-O Be7 12. Rb1 b6 13. Nd2 Bf5 14. Rb2 O-O
15. Nc4 Qc7 16. Bd3 Bg6 17. Bxg6 hxg6 18. Re1 Rad8 19. Qf3 Nxd4 20. cxd4 Qxc4
21. Be3 Bf6 22. Rc1 Qa4 23. Qd1 Qxd1+ 24. Rxd1 Rd5 25. Rbd2 Rfd8 26. Kf1 Kf8
27. Ke2 Ke7 28. Rd3 R8d7 29. f4 g5 30. fxg5 Bxg5 31. Bxg5+ Rxg5 32. Kf3 Ra5 33.
R1d2 e5 34. Ke4 exd4 35. Rxd4 Rxd4+ 36. Kxd4 f5 37. g3 Kf6 38. Ke3 Ra3+ 39. Kf2
Kg5 40. h3 b5 41. Rb2 a6 42. Kg2 Ra4 43. Kf3 b4 44. Kf2 a5 45. Kg2 Ra3 46. Kf2
f4 47. gxf4+ Kxf4 48. Kg2 g5 49. Rf2+ Ke4 50. Rb2 Kf5 51. Rf2+ Kg6 52. Rb2 Kh5
53. Rc2 Rc3 54. Rd2 Rc1 55. Rb2 Rc3 56. Rd2 Ra3 57. Rc2 Kg6 58. Rb2 Kf5 59.
Rf2+ Ke4 60. Rb2 Kd4 61. Rd2+ Rd3 62. Rb2 Kc3 63. Rb1 Rd2+ 64. Kg3 Rxa2 65. Rg1
Rd2 66. Kg4 Rd5 67. Rc1+ Kb2 68. Rc4 b3 69. Ra4 Kc3 70. Ra3 Rb5 71. h4 gxh4 72.
Kxh4 Kc2 73. Kg3 b2 74. Ra2 Kb3 75. Rxb2+ Kxb2 76. Kf3 a4 {... and White
resigned after a few more moves.} 0-1

[Event "DOTMLPFi FIDE Invitational"]
[Site "?"]
[Date "2010.11.26"]
[Round "4.5"]
[White "Flores, Rodney"]
[Black "Belke, Thomas"]
[Result "1-0"]
[WhiteElo "2003"]
[BlackElo "1869"]
[PlyCount "77"]
[SourceDate "2010.11.26"]

1. e4 e6 2. d4 d5 3. Nd2 Nf6 4. e5 Nfd7 5. Bd3 c5 6. c3 Nc6 7. Ne2 cxd4 8. cxd4
f6 9. exf6 Qxf6 10. Nf3 h6 11. Nc3 a6 12. Be3 Bd6 13. Rc1 O-O 14. Bb1 g5 15. h4
g4 16. Ng5 h5 17. Nh7 Qf7 18. Nxf8 Nxf8 19. O-O Ne7 20. Qd2 Bd7 21. Ne2 Nfg6
22. Bg5 Nf5 23. Bxf5 Qxf5 24. Ng3 Bf4 25. Nxf5 Bxd2 26. Nh6+ Kg7 27. Bxd2 Bc6
28. Rfe1 Re8 29. Bg5 Nxh4 30. Nxg4 Nf5 31. Nf6 Rh8 32. Rxe6 Nxd4 33. Re7+ Kg6
34. f4 Nf5 35. Rc7 Nd4 36. Re1 Nf5 37. Nd7 Bxd7 38. Rxd7 h4 39. Rxd5 {... and
Black resigned.} 1-0

[Event "DOTMLPFi FIDE Invitational"]
[Site "?"]
[Date "2010.11.26"]
[Round "4.3"]
[White "Atkins, Michael"]
[Black "Zhou, Kevin"]
[Result "0-1"]
[WhiteElo "1890"]
[BlackElo "1826"]
[PlyCount "66"]
[EventDate "2010.??.??"]
[SourceDate "2010.11.26"]

1. Nf3 Nf6 2. g3 g6 3. Bg2 Bg7 4. O-O O-O 5. d3 d6 6. Nbd2 c6 7. e4 e5 8. Qe2
Ne8 9. Nc4 h6 10. Nh4 Kh7 11. Ne3 Bf6 12. Nf3 Ng7 13. h3 Be7 14. g4 f5 15. exf5
gxf5 16. Nxf5 Nxf5 17. gxf5 Bxf5 18. Qe3 Bg5 19. Nxg5+ Qxg5 20. Qxg5 hxg5 21.
Bxg5 Bxh3 22. f4 Bxg2 23. Kxg2 Rf5 24. Rh1+ Kg7 25. Kf3 Nd7 26. Bh6+ $2 Kf7 27.
Ke4 Ke6 28. Rag1 Nf6+ 29. Kf3 exf4 30. Rg6 Kd5 31. b4 Re8 32. Bxf4 Kd4 33. Rg5
$4 Re3+ 0-1

[Event "DOTMLPFi FIDE Invitational"]
[Site "?"]
[Date "2010.11.26"]
[Round "4.2"]
[White "Miller, Daniel"]
[Black "Keskar, Himanshu"]
[Result "1/2-1/2"]
[WhiteElo "2321"]
[BlackElo "1855"]
[PlyCount "73"]
[EventDate "2010.??.??"]
[SourceDate "2010.11.26"]

1. e4 e5 2. Nf3 Nc6 3. Bb5 a6 4. Bxc6 dxc6 5. O-O Bg4 6. h3 Bxf3 7. Qxf3 Qd7 8.
d3 O-O-O 9. Nd2 f6 10. Nc4 h5 11. Bd2 g5 12. Qe2 Ne7 13. b4 Ng6 14. Qf3 Bg7 15.
a3 g4 16. hxg4 hxg4 17. Qg3 Bh6 18. Ne3 Bf4 19. Qxg4 Qxg4 20. Nxg4 Bxd2 21. g3
Bxb4 22. Nxf6 Rdf8 23. Ng4 Bc5 24. Kg2 Bd4 25. Rac1 Bc3 26. Rb1 b6 27. f3 a5
28. Rfd1 Rd8 29. Ne3 Rh7 30. Ng4 Bd4 31. Nf6 Rf7 32. Ng4 Kb7 33. Rb3 Ka6 34.
Rh1 Rd6 35. Rhb1 Rh7 36. Rf1 Rh8 37. Rfb1 {... neither player's scoresheet
good be followed after this point, but a draw was agreed on Move 56.} 1/2-1/2

[Event "DOTMLPFi FIDE Invitational"]
[Site "?"]
[Date "2010.11.26"]
[Round "4.4"]
[White "Larkins, Larry"]
[Black "Barnakov, Yuri"]
[Result "1/2-1/2"]
[WhiteElo "2147"]
[BlackElo "2246"]
[PlyCount "90"]
[EventDate "2010.??.??"]
[SourceDate "2010.11.26"]

1. e4 e5 2. Nf3 Nc6 3. Bb5 a6 4. Bxc6 dxc6 5. O-O f6 6. d4 Bg4 7. dxe5 Qxd1 8.
Rxd1 fxe5 9. Rd3 Bd6 10. Nbd2 b5 11. b3 Ne7 12. Bb2 Ng6 13. g3 O-O 14. Kg2 h6
15. h3 Be6 16. h4 Bg4 17. Ng1 Rae8 18. f3 Bc8 19. Ne2 Rf7 20. Nf1 Nf8 21. Ne3
g6 22. Ng1 h5 23. Rad1 Ne6 24. Rxd6 cxd6 25. Rxd6 Bb7 26. Bxe5 Nf8 27. Bc3 Rd7
28. Rxd7 Nxd7 29. Nh3 Ne5 30. Nf4 Kf7 31. b4 Nd7 32. Nd3 Rc8 33. Bd4 Ra8 34. a3
a5 35. Kf2 axb4 36. axb4 Ra2 37. Ke2 Bc8 38. Kd2 Ke6 39. Ng2 Kf7 40. Ngf4 Ra8
41. Nh3 Ke8 42. Ng5 Ra6 43. Kc1 Nb6 44. Ne5 Nc4 45. Nxc4 bxc4 {... there are
another 30 or so moves to enter, but the result was a draw.  Larry said he
missed 44.Bxb6, which is winning.} 1/2-1/2

[Event "DOTMLPFi FIDE Invitational"]
[Site "?"]
[Date "2010.11.26"]
[Round "5.5"]
[White "Keskar, Himanshu"]
[Black "Ranario, Dan"]
[Result "1/2-1/2"]
[WhiteElo "1855"]
[BlackElo "2103"]
[PlyCount "21"]
[SourceDate "2010.11.26"]

1. d4 Nf6 2. c4 e6 3. a3 b6 4. Nf3 Bb7 5. e3 g6 6. Be2 Bg7 7. O-O O-O 8. Nc3
Ne4 9. Nxe4 Bxe4 10. Bd3 Bxd3 11. Qxd3 {... draw agreed.} 1/2-1/2

[Event "DOTMLPFi FIDE Invitational"]
[Site "?"]
[Date "2010.11.26"]
[Round "5.4"]
[White "Zhou, Kevin"]
[Black "Miller, Daniel"]
[Result "0-1"]
[WhiteElo "1826"]
[BlackElo "2321"]
[PlyCount "76"]
[EventDate "2010.??.??"]
[SourceDate "2010.11.26"]

1. e4 e5 2. Bc4 Nf6 3. Nc3 Nxe4 4. Nxe4 d5 5. Bxd5 Qxd5 6. Qf3 Be6 7. Nc3 Qxf3
8. Nxf3 Nc6 9. h3 f6 10. a3 O-O-O 11. d3 Be7 12. Be3 Nd4 13. Bxd4 exd4 14. Ne2
c5 15. O-O Bd5 16. Nd2 Rhe8 17. Rfe1 Bd6 18. Nc4 Bc7 19. a4 Bxc4 20. dxc4 Ba5
21. c3 Re4 22. Ng3 Rxe1+ 23. Rxe1 dxc3 24. bxc3 Bxc3 25. Re7 Rd1+ 26. Kh2 Rd7
27. Re8+ Kc7 28. Nf5 Bd4 29. Ne7 Bxf2 30. Nd5+ Kc6 31. g4 Bd4 32. Kg3 b6 33.
Kf4 Be5+ 34. Kf5 Rxd5 35. cxd5+ Kxd5 36. Rd8+ Bd6 37. Rd7 c4 38. Rxa7 c3 {...
and White resigned because Black's pawns can't be stopped.} 0-1

[Event "DOTMLPFi FIDE Invitational"]
[Site "?"]
[Date "2010.11.26"]
[Round "5.3"]
[White "Barnakov, Yuri"]
[Black "Atkins, Michael"]
[Result "1-0"]
[WhiteElo "2246"]
[BlackElo "1890"]
[PlyCount "91"]
[EventDate "2010.??.??"]
[SourceDate "2010.11.26"]

1. d4 d5 2. c4 dxc4 3. Nf3 Nf6 4. g3 e6 5. Bg2 Bb4+ 6. Bd2 Bxd2+ 7. Nbxd2 O-O
8. Nxc4 Qe7 9. O-O Rd8 10. Qb3 Nc6 11. Rfd1 Rb8 12. Rac1 Bd7 13. Nfe5 Nd5 14.
a3 Be8 15. Qc2 Nxe5 16. Nxe5 c6 17. h4 f6 18. Nd3 Bg6 19. e4 Nc7 20. Nf4 Bf7
21. e5 Nb5 22. Qe4 f5 23. Qe3 Rd7 24. a4 Nc7 25. d5 exd5 26. Qxa7 Qe8 27. Qd4
Ne6 28. Nxe6 Bxe6 29. a5 Ra8 30. b4 Qd8 31. Bf1 Rf7 32. a6 f4 33. axb7 Ra3 34.
Rd3 Rxd3 35. Bxd3 Rxb7 36. Rxc6 Qe7 37. b5 fxg3 38. fxg3 Qf7 39. Qe3 Qe8 40.
Qc5 Rf7 41. Be2 Rf5 42. Bg4 Rf1+ 43. Kxf1 Bxg4 44. Qxd5+ Kh8 45. Rd6 Qf8+ 46.
Ke1 {... and Black resigned.} 1-0

[Event "DOTMLPFi FIDE Invitational"]
[Site "?"]
[Date "2010.11.27"]
[Round "5.2"]
[White "Belke, Thomas"]
[Black "Larkins, Larry"]
[Result "1/2-1/2"]
[WhiteElo "1869"]
[BlackElo "2147"]
[PlyCount "95"]
[SourceDate "2010.11.27"]

1. f4 Nf6 2. Nf3 b6 3. g3 Bb7 4. Bg2 d6 5. d3 Nbd7 6. O-O e5 7. e4 Be7 8. Nc3
c5 9. Qe1 Qc7 10. h3 h5 11. Nh4 Bc6 12. Bf3 Qb7 13. Nf5 Bf8 14. g4 hxg4 15.
hxg4 O-O-O 16. g5 Ne8 17. Kg2 g6 18. Ng3 exf4 19. Bxf4 Ne5 20. Bxe5 dxe5 21.
Bg4+ Kb8 22. Qf2 Qe7 23. Qe3 Bg7 24. Rh1 Nc7 25. Rxh8 Rxh8 26. Rh1 Rxh1 27.
Nxh1 Ne6 28. Bxe6 Qxe6 29. Nf2 Bf8 30. Qg3 b5 31. Ng4 Bg7 32. b3 Kb7 33. Qf3
Bf8 34. Nf6 Be7 35. Ncd5 Bd8 36. c4 a6 37. Qf2 Qd6 38. a3 Bxf6 39. gxf6 Bd7 40.
b4 cxb4 41. axb4 Be6 42. c5 Qd8 43. Qf3 Qh8 44. Ne7 Qh5 45. c6+ Kc7 46. Qf2
Qg4+ 47. Kh1 Qh3+ 48. Kg1 {... draw agreed.} 1/2-1/2

[Event "DOTMLPFi FIDE Invitational"]
[Site "?"]
[Date "2010.11.27"]
[Round "5.1"]
[White "Flores, Rodney"]
[Black "Xu, Correy"]
[Result "1-0"]
[WhiteElo "2003"]
[BlackElo "1817"]
[PlyCount "169"]
[SourceDate "2010.11.27"]

1. e4 g6 2. d4 Bg7 3. Nc3 d6 4. Be2 Nf6 5. h4 c5 6. dxc5 Qa5 7. Kf1 Qxc5 8. Be3
Qa5 9. h5 Nbd7 10. h6 Bf8 11. Nh3 Nc5 12. Ng5 Ne6 13. Bb5+ Bd7 14. Bxd7+ Nxd7
15. Nxe6 fxe6 16. Qg4 Qe5 17. Rd1 Nf6 18. Qh3 Kf7 19. Kg1 Rg8 20. Qf3 Ke8 21.
Bd4 Qg5 22. e5 Nd7 23. Qxb7 Rb8 24. Qc6 Kd8 25. exd6 exd6 26. Bxa7 Rc8 27. Bb6+
Nxb6 28. Qxb6+ Kd7 29. Ne4 Qe5 30. Qd4 Qxd4 31. Rxd4 Be7 32. c3 Ra8 33. a3 Rgb8
34. Rd2 Rb5 35. Rh3 Rab8 36. b4 Ra8 37. c4 Re5 38. Re3 Bg5 39. Nxg5 Rxg5 40.
Red3 d5 41. cxd5 Rh5 42. d6 Rxh6 43. Rc2 Ra7 44. b5 Rb7 45. g4 Rh4 46. f3 h5
47. a4 hxg4 48. Rc4 Rh5 49. Rf4 Rf5 50. Rxg4 g5 51. Rc4 Rf4 52. Rxf4 gxf4 53.
Rb3 Kxd6 54. a5 Kc7 55. Kf2 Kb8 56. Ke2 Rd7 57. Rd3 Re7 58. Rd4 e5 59. Re4 Ka7
60. Kd3 Rd7+ 61. Kc4 Rc7+ 62. Kb4 Re7 63. Kc5 Rc7+ 64. Kd6 Rc3 65. Rxe5 Rxf3
66. Re7+ Kb8 67. Kc6 Rc3+ 68. Kb6 f3 69. Rf7 Rc8 70. Rxf3 Re8 71. Rf6 Ka8 72.
a6 Rb8+ 73. Ka5 Rh8 74. Kb4 Ka7 75. Kc5 Rc8+ 76. Rc6 Rh8 77. Rc7+ Kb8 78. Kb6
Rh6+ 79. Rc6 Rh8 80. a7+ Ka8 81. Ka6 Rg8 82. b6 Rb8 83. b7+ Rxb7 84. Rc8+ Rb8
85. Rxb8# 1-0